000 00611nam a2200193 a 4500
001 000042452
005 20201002040151.0
008 131203s1976 sp 000 0 spa d
020 _a8401809479
040 _aDO-SdBNP
_bspa
_cBNPHU
082 _axxxx
_bxxxx
100 1 _aLagos, Concha
_969616
245 1 0 _aAntología :
_b1954-1976 /
_cConcha Lagos ; prólogo de Emilio Miró.
260 _aEspaña :
_bEspulgas de Llobregat,
_c1976.
300 _a367 p. ;
_c19 cm.
490 1 _aSelecciones de poesía española
700 1 2 _aMiró, Emilio
_epról.
_969617
830 0 _aSelecciones de poesía española
_969282
999 _c41941
_d41941